Northernmost Capitals by Word Length - Statistics

General Stats
  • This quiz has been taken 43 times
  • The average score is 6 of 11
Answer Stats
Letters Capital % Correct
4 Nuuk
100%
6 Moscow
83%
8 Tórshavn
78%
7 Tallinn
67%
10 Copenhagen
64%
9 Reykjavik
61%
5 Minsk
56%
14 Andorra la Vella
25%
11 Ulaanbaatar
25%
13 Guatemala City
17%
12 Port-au-Prince
8%
No matching quizzes found
Score Distribution
Percent of People with Each Score
Percentile by Number Answered
Your Score History
You have not taken this quiz